| 000 | 00665nam a2200217 a 4500 | ||
|---|---|---|---|
| 003 | BD-DhJNU | ||
| 005 | 20250514053933.0 | ||
| 008 | 090811r20001997ii a b 001 0 eng d | ||
| 020 | _a8122409717 | ||
| 040 |
_aBD-DhJNU _bENG _cBD-DhJNU _dBD-DhJNU |
||
| 082 | 0 | 0 |
_a307.72 CHI _223 |
| 100 | 1 | _aChitambar, J. B. | |
| 245 | 1 | 0 |
_aIntroductory rural sociology : _ba synopsis of concepts and principles / _cJ. B. Chitambar |
| 250 | _a2nd ed. | ||
| 260 |
_aNew Delhi : _bNew Age International, _c1997. |
||
| 300 |
_axii, 343 p. : _billus. ; _c22 cm. |
||
| 504 | _aIncludes bibliography: p. [331]-335 and index. | ||
| 650 | 0 | _aRural | |
| 650 | 0 | _aSociology | |
| 942 | _cBK | ||
| 999 |
_c1697 _d1697 |
||